000
00296nam a2200109Ia 4500
008
171211s9999 xx 000 0 und d
245
_a
Portfolio: Beginning Watercolor
245
_c
Maury Aaseng
260
_c
2016
650
_x
Design
856
_u
http://down.ebook777.com/062/9781633221079.pdf
999
_c
347923
_d
347923